Fancy Vocabulary Quiz #7 - Statistics

General Stats
  • This quiz has been taken 53 times
    6 since last reset
  • The average score is 4 of 10
Answer Stats
Hint Answer % Correct
To drink or take in, particularly used for liquids Im{bibe}
100%
To make obscure or unclear, or confuse Ob{fuscate}
83%
Something attracting or attempting to attract attention, usually by gaudiness and obviousness Os{tentatious}
83%
Something that has been depleted of dissolved oxygen by a bloom in aquatic plant life Eu{trophic}
50%
Something drooping or flagging from or as if from exhaustion La{nguid}
33%
A substance acted upon by an enzyme, or the base on which an organism Iives Su{bstrate}
33%
Not having potentially offensive or questionable parts removed; containing all original material Un{expurgated}
33%
Something relating to the deepest layer of the ocean Ha{dal}
17%
A form of dwarfism resulting in shortened limbs due to a slow conversion of cartilage to bone Ac{hondroplasia}
0%
Something done with careful perseverance or diligence Se{dulous}
0%
No matching quizzes found
Score Distribution
Percent of People with Each Score
Percentile by Number Answered
Your Score History
You have not taken this quiz since the last reset